Zaklínač : román o Geraltovi. Rozcestí krkavců /
Volné pokračování fantasy románu o počátcích Geraldovy cesty. Hlavní hrdina není zatím neohroženým zabijákem, ale mladým zaklínačem, který má svůj dobrodružný život teprve před sebou.
Uloženo v:
| Série: | Zaklínač,
část 9 |
|---|---|
| Hlavní autor: | |
| Další autoři: | , |
| Médium: | E-kniha |
| Jazyk: | Czech |
| Vydáno: |
Petřvald :
Leonardo,
2025
|
| Vydání: | Vydání první |
| Edice: | Fantasy (Leonardo)
|
| Témata: | |
| Příbuzné jednotky: | Z cyklu::
Zaklínač |
| Tagy: |
Žádné tagy |
| LEADER | 02983nam a2200481 i 4500 | ||
|---|---|---|---|
| 001 | 312803 | ||
| 003 | CZ PrSKC | ||
| 005 | 20260601215729.0 | ||
| 007 | ta | ||
| 008 | 250929s2025 xr a g 000 f cze | ||
| 015 | |a cnb003710841 | ||
| 020 | |a 9788074770883 |q (brožováno) : |c Kč 299,00 | ||
| 040 | |a ABG001 |b cze |e rda | ||
| 041 | 1 | |a cze |h pol | |
| 072 | 7 | |a 821.162.1 |x Polská literatura |2 Konspekt | |
| 080 | |a 821.162.1-31 |2 MRF | ||
| 080 | |a (0:82-312.9) |2 MRF | ||
| 100 | 1 | |a Sapkowski, Andrzej, |d 1948- |7 jn20000604794 |4 aut | |
| 240 | 1 | 0 | |a Rozdroże kruków. |l Česky |
| 245 | 1 | 0 | |a Zaklínač : |b román o Geraltovi. |p Rozcestí krkavců / |c Andrzej Sapkowski ; z polského originálu Andrzej Sapkowski: Rozdroże kruków ... přeložil Stanislav Komárek ; ilustrace Jana Komárková |
| 246 | 3 | 0 | |a Rozcestí krkavců |
| 246 | 3 | 0 | |a Román o Geraltovi |
| 250 | |a Vydání první | ||
| 264 | 1 | |a Petřvald : |b Leonardo, |c 2025 | |
| 300 | |a 277 stran : |b ilustrace ; |c 18 cm | ||
| 336 | |a text |b txt |2 rdacontent | ||
| 337 | |a bez média |b n |2 rdamedia | ||
| 338 | |a svazek |b nc |2 rdacarrier | ||
| 490 | 1 | |a Fantasy ; |v 32 | |
| 520 | 2 | |a Volné pokračování fantasy románu o počátcích Geraldovy cesty. Hlavní hrdina není zatím neohroženým zabijákem, ale mladým zaklínačem, který má svůj dobrodružný život teprve před sebou. |b Než se stal Bílým vlkem a Řezníkem z Blavikenu, byl Geralt z Rivie pouhým čerstvým absolventem Kaer Morhen, který vstoupil do světa, jenž jeho druhu nerozumí ani ho nevítá. A když se naivní hrdinský čin ošklivě zvrtne, Geralta zachrání před oprátkou jen Preston Holt, zkušený zaklínač s pohřbenou minulostí a vlastními plány. Pod Holtovým vedením začíná Geralt poznávat, co to skutečně znamená kráčet po Stezce - chránit svět, který se ho bojí, a přežít v něm. Když se však hranice mezi dobrem a zlem začíná stírat, Geralt se musí rozhodnout, zda se stane monstrem, které v něm všichni vidí, nebo někým úplně jiným. Nakladatelská anotace. | |
| 655 | 7 | |a polské romány |7 fd133084 |2 czenas | |
| 655 | 7 | |a fantasy romány |7 fd184199 |2 czenas | |
| 655 | 9 | |a Polish fiction |2 eczenas | |
| 655 | 9 | |a fantasy novels |2 eczenas | |
| 700 | 1 | |a Komárek, Stanislav, |d 1960- |7 jx20050105011 |4 trl | |
| 700 | 1 | |a Komárková, Jana, |d 1964 březen 17.- |7 xx0037298 |4 ill | |
| 787 | 0 | 8 | |i Z cyklu: |t Zaklínač |g 9 |w (CZ-CtDS)2f873613-1277-5e39-8560-6b138adc9d70 |
| 830 | 0 | |a Fantasy (Leonardo) | |
| 900 | |a ABG001 |b 19 | ||
| 044 | |a xr | ||
| 910 | |a RBIT002 | ||
| 998 | |d 422190 |a https://core.palmknihy.cz/api/books/422190/cover?t20pv0 |b https://core.palmknihy.cz/api/books/422190/cover/400?t20pv0 |c https://core.palmknihy.cz/api/books/422190/cover/50?t20pv0 |e 2050-12-31 |g 279 |i 9788074770883 |j https://core.palmknihy.cz/api/books/422190/preview.epub |k https://core.palmknihy.cz/api/books/422190/preview.pdf |l |q 49 |r 1 |s https://www.palmknihy.cz/kniha/422190 |t ebook |y 2025 |z 0 |v Zaklínač |w 0 | ||
| 999 | |d 312801 | ||